000 00595nam a2200217Ia 4500
003 GCL
008 140319s9999 xx 000 0 eng d
040 _aGCL /
_cGCL
082 0 4 _a070.17
_bN W
100 1 _aGROVER,STEPHEN
245 1 0 _aWRITING FOR PRINT: A JOURNALISM PRIMER /
_cGROVER,STEPHEN
700 1 _aNAPOLI,JAMES J
260 _a[S.N] :
_bTHE AMERICAN UNIVERSITY IN CAIRO PRESS ،
_c1992
300 _a131 P
650 0 4 _aINFORMATION
650 0 4 _aPRINTING PRESS
650 0 4 _aJOURNALISM OUTOSHIP
650 0 4 _aINFORMATION SCIENCE
650 0 4 _aJOURNALISM
942 _2ddc
_cBK
999 _c12636
_d12636